[Event "Utrecht OKU op 42nd"]
[Site "Utrecht"]
[Date "2015.06.06"]
[Round "3"]
[White "Lucas, Fred"]
[Black "Secelle, Hans"]
[Result "1/2-1/2"]
[WhiteElo "1919"]
[BlackElo "2028"]
[PlyCount "26"]
[EventDate "2015.06.05"]
[EventType "swiss"]
[EventRounds "6"]
[EventCountry "NED"]
[SourceTitle "CBM 166 Extra"]
[Source "ChessBase"]
[SourceDate "2015.06.18"]
[SourceVersion "1"]
[SourceVersionDate "2015.06.18"]
[SourceQuality "1"]

1. d4 e6 2. Nf3 f5 3. d5 Nf6 4. dxe6 dxe6 5. Qxd8+ Kxd8 6. Ne5 Ke8 7. Nc3 c6 8. Bd2 Nbd7 9. Nxd7 Bxd7 10. f4 Bd6 11. g3 Nd5 12. Bg2 Bb4 13. Bxd5 exd5 1/2-1/2